| 000 | 00000nam##2200000za#4500 |
| 001 | 9.600572 |
| 003 | CaOODSP |
| 005 | 20210624205640 |
| 007 | cr ||||||||||| |
| 008 | 150406|1995||||xxc|||||o f|0| 0 fre|d |
| 040 | |aCaOODSP|bfre |
| 043 | |an-cn--- |
| 086 | 1 |aNH15-138/1995F-PDF |
| 110 | 2 |aSociété canadienne d'hypothèques et de logement. |
| 245 | 13|aLa ville écologique aperçu de la situation au Canada |h[ressource électronique] |
| 260 | |aOttawa - Ontario : |bSociété canadienne d'hypothèques et de logement |c1995. |
| 300 | |a181p.|bfigures, graphiques, cartes, tableaux |
| 490 | 1 |aRapport de recherche |
| 504 | |aBibliographie. |
| 590 | |a11-05-Supp|b2011-03-15 |
| 830 | #0|aResearch report (Société canadienne d'hypothèques et de logement : En ligne)|w(CaOODSP)9.502470 |
| 856 | 40|ahttp://publications.gc.ca|qPDF|s17 Mo|uhttps://publications.gc.ca/collections/collection_2011/schl-cmhc/nh18-1/NH15-138-1995-fra.pdf |